000 00328nam a2200121Ia 4500
008 220204s9999 xx 000 0 und d
082 _a631
_bKER
245 0 _aKeralithile krushikkaark oru krushideepika.
260 _aTrivandrum
_bAgricultural Information Service
_c1961
650 _aAgriculture
650 _aSoil
942 _cBK
999 _c21118
_d21118